| 000 | 00521 a2200133 4500 | ||
|---|---|---|---|
| 082 | _aBIT-4 | ||
| 100 |
_aFehmeed Ijaz _993255 |
||
| 245 |
_aUniversity automation system (Database Design) _cFehmeed Ijaz |
||
| 260 |
_aIslamabad: _bNUST School of Electrical Engineering & Computer Science, _c2006 |
||
| 300 |
_axi, 96 p. : _bill. ; _c 27 cm. + _eCD-ROM |
||
| 500 | _aSupervisors : Mr. Saad LIaquat Kiyani, Wg. Cdr. (R) Nasir Mahmood. | ||
| 856 | _uhttp://10.250.8.41:8080/xmlui/handle/123456789/9158 | ||
| 942 |
_cPR _kBIT-4 FEH _2ddc |
||
| 999 |
_c9275 _d9275 |
||